000
00307nam a22001337a 4500
020
_a
0-07-043536-7
041
_a
ENG
100
_a
Krishnamurthy.N
245
_a
Introduction to Computer Graphics
260
_a
New Delhi
_b
Tata McGraw Hill
_c
2004
300
_a
343
650
_a
M.Tech
856
_u
M.Tech ( 7 )
999
_c
1034
_d
1034